| 000 | 00554nam a22001577a 4500 | ||
|---|---|---|---|
| 999 |
_c535516 _d535516 |
||
| 020 | _qHard Cover. | ||
| 082 | _a629.04 | ||
| 100 | _aShakir, Malik Kamran | ||
| 245 |
_aAn analysis of economization based optimization of flexible pavement structural design / _cMalik Kamran Shakir. |
||
| 260 |
_aIslamabad: _bNIT NUST, _c2016. |
||
| 300 |
_a153 p. : _bill. ; _c30cm. |
||
| 942 |
_2ddc _cTHE |
||
| 650 |
_aTransportation Engineering MS-Thesis. _916276 |
||
| 700 |
_aDr. Muhammad Bilal Khurshid _916538 |
||